النبي موسى وآخر أيام تل العمارنة : (Record no. 24062)
[ view plain ]
| 000 -الفاتح | |
|---|---|
| حقل البيانات ثابتة الطول | 01271nam a22003255a 4500 |
| 003 - محدد رقم الضبط | |
| رقم الضبط | OSt |
| 005 - وقت وتاريخ اخر تعامل مع التسجيلة | |
| رقم الضبط | 20170207112918.0 |
| 008 - عناصر البيانات ثابتة الطول - معلومات عامة | |
| حقل البيانات ثابتة الطول | 160922s2010 xx frb 000 0 ara d |
| 015 ## - | |
| -- | 2010 / 19929 |
| 020 ## - الرقم الدولى المعيارى للكتب | |
| الرقم الدولى المعيارى للكتاب | 9776101704 |
| 040 ## - مصدر الفهرسة | |
| وكالة الفهرسة الأصلية | EG-ScBUE |
| لغة الفهرسة | ara |
| وكالة النسخ | EG-ScBUE |
| وكالة التعديل | EG-ScBUE |
| 043 ## - رمز المنطقة الجغرافية | |
| رمز المنطقة الجغرافية | f-ua--- |
| 082 04 - رقم تصنيف ديوى العشرى | |
| رقم التصنيف | 222.1 |
| رقم المادة | ق م ن |
| رقم الطبعة | 22 |
| 100 1# - المدخل الرئيسى - إسم شخصى | |
| الإسم الشخصى | قمني، سيد. |
| 245 12 - بيان العنوان | |
| العنوان | النبي موسى وآخر أيام تل العمارنة : |
| بقية العنوان | موسوعة جغرافية تاريخية إثنية دينية / |
| بيان المسئوليه,etc | سيد القمني. |
| 250 ## - بيان الطبعة | |
| بيان الطبعة | ط. 2، مزيدة ومعدلة تعديلات كبرى. |
| 260 ## - PUBLICATION, DISTRIBUTION, ETC. (IMPRINT) | |
| مكان الناشر او الموزع | [د. م. : |
| اسم الناشر او الموزع | سيد القمني]، |
| تاريخ النشر أو التوزيع | 2010. |
| 300 ## - الوصف المادى | |
| التعداد | 3 مج. ؛ |
| أبعاد الوعاء | 24 سم. |
| 500 ## - تبصرة عامة | |
| تبصرة عامة | يشتمل على ملاحق. |
| 504 ## - تبصرة ببليوجرافية | |
| تبصرة ببليوجرافية,الخ | يشتمل على إرجاعات ببليوجرافية. |
| 541 ## - تبصرة المصدر المباشر للتزويد | |
| مصدر التزويد | إهداء من أستاذ فريد خميس. |
| 600 10 - المدخل الاضافى بالموضوع-اسم شخصى | |
| الإسم الشخصى | موسى، |
| العنوان والكلمات الأخرى المصاحبة للاسم | النبى عليه السلام. |
| مصدر الرأس أو المصطلح | BUEsh |
| 630 #7 - المدخل الاضافى بالموضوع - عنوان موحد | |
| عنوان موحد | التوراة. |
| مصدر الرأس أو المصطلح | BUEsh |
| 630 #7 - المدخل الاضافى بالموضوع - عنوان موحد | |
| عنوان موحد | الإنجيل. |
| عنوان العمل | العهد القديم. |
| مصدر الرأس أو المصطلح | BUEsh |
| 650 #7 - المدخل الاضافى بالموضوع-مصطلح موضوعى | |
| مصطلح موضوعي أو اسم جغرافي كعنصر مدخل | اليهود |
| التقسيم الفرعي الجغرافي | مصر |
| التقسيم الفرعي العام | تاريخ. |
| مصدر الرأس أو المصطلح | BUEsh |
| 650 #7 - المدخل الاضافى بالموضوع-مصطلح موضوعى | |
| مصطلح موضوعي أو اسم جغرافي كعنصر مدخل | اليهود |
| التقسيم الفرعي العام | تاريخ قديم. |
| مصدر الرأس أو المصطلح | BUEsh |
| 651 #7 - المدخل الاضافى بالموضوع - اسم جغرافى | |
| الاسم الجغرافي | تل العمارنة (مصر) |
| مصدر الرأس أو المصطلح | BUEsh |
| 653 ## - مصطلح تكشيفى غير مقيد | |
| Resource For college | Law |
| Arrived date list | February2017 |
| 942 ## - عناصر المدخل الإضافي( كوها) | |
| مصدر التصنيف او مخطط الترفيف | Dewey Decimal Classification |
| حالة التراجع | حالة الفقد | مصدر التصنيف او خطة الترفيف | حالة تلف | ليس للاعارة | مجموعات كوها | المكان الدائم | المكان الحالي | موقع الترفيف | تاريخ الاكتساب | Source of acquisition | سعر الشراء الطبيعي | رقم الاستدعاء | الباركود | Date last seen | التكلفة | تبصرة غير عامة( المفوع للعناصر المفقوده) | نوع الوعاء | تبصرة عامة |
|---|---|---|---|---|---|---|---|---|---|---|---|---|---|---|---|---|---|---|
| Dewey Decimal Classification | Madboly | Central Library | Central Library | Lower Floor | 01/02/2017 | Donation | 650.00 | 222.1 ق م ن | 000045375 | 15/07/2025 | 812.50 | إهداء من أستاذ فريد خميس. | Reference (NB) | Vol. 1. | ||||
| Dewey Decimal Classification | Madboly | Central Library | Central Library | Lower Floor | 01/02/2017 | Donation | 650.00 | 222.1 ق م ن | 000045376 | 15/07/2025 | 812.50 | إهداء من أستاذ فريد خميس. | Reference (NB) | Vol. 2. | ||||
| Dewey Decimal Classification | Madboly | Central Library | Central Library | Lower Floor | 01/02/2017 | Donation | 650.00 | 222.1 ق م ن | 000045377 | 15/07/2025 | 812.50 | إهداء من أستاذ فريد خميس. | Reference (NB) | Vol. 3. |